00415nam a2200145Ia 4500008004100000020001500041041000800056082001600064100004300080245006600123250000600189260003900195300002100234650001400255210716s2002 xx 000 0 und d a8129704080 aeng a004.69 DEIH aDeitel, H M;Deitel, P J;Goldberg, A B. aInternet and world wide web: how to program.bHow to program. a3 aNew DelhibPearson Educationc2002 aLIV,1534,EULA-40 aNone(007)